| 000 | 00637nam a2200241Ia 4500 | ||
|---|---|---|---|
| 003 | OSt | ||
| 005 | 20221007070905.0 | ||
| 006 | a|||||r|||| 00| 0 | ||
| 007 | ta | ||
| 008 | 221006b |||||||| |||| 00| 0 eng d | ||
| 024 | _a24,150 | ||
| 037 | _cTextual | ||
| 040 |
_aFLL _cFLL _beng |
||
| 041 |
_2eng _aeng |
||
| 082 | _aZ2:3:42, H4 | ||
| 100 |
_aDhodi D.R. _9687901 |
||
| 245 | 0 | _aLaw of fraud and fraudulent transfers in India | |
| 250 | _a2nd | ||
| 260 |
_aKacheri _broad S.D. Khanna Lahore _c1944 |
||
| 300 |
_aiv,1-282p _ccm. |
||
| 942 |
_hZ2:3:42, H4 _cTEXL _2CC |
||
| 999 |
_c1141820 _d1141820 |
||